000 01194nam a2200217Ia 4500
003 Ost
005 20260507075047.0
008 260507s9999||||xx |||||||||||||| ||und||
040 _cfsecg
041 _aara
082 _a330
100 _aالخضيري، محسن أحمد
_eمؤلف
245 0 _aإدارة الأزمات :
_bمنهج اقتصادي إداري لحل الأزمات على مستوى الإقتصاد القومي والوحدة الإقتصادية /
_c محسن أحمد الخضيري
260 _aالقاهرة:
_bمكتبة مدبولي,
_c1990
300 _a264 صفحة؛
_bإيضاحات ؛
_c24 سم
520 _aعالم الأزمات-الأسس النظرية العامة لعلم إدارة الأزمات-احتياجات التعامل مع الأزمات-التعامل مع الأزمات-نحو منهج متكامل للتعامل مع الأزمات-فريق المهام الأزموية-رسم سيناريوهات التعامل مع الأزمات-إدارة مجتمع الأزمة-ماذا بعد الأزمة
653 _aإدارة
653 _aالأزمات الإقتصادية
653 _aالإقتصاد
942 _cكتاب
999 _c42585
_d42585